[Event "DMP Ekstraliga 2020"]
[Site "Krakow"]
[Date "2020.09.01"]
[Round "7.11"]
[White "Plat, Vojtech"]
[Black "Zwardon, Vojtech"]
[Result "1-0"]
[WhiteElo "2566"]
[BlackElo "2481"]
[Annotator "TA"]
[PlyCount "91"]
[EventDate "2020.08.26"]
[EventType "team-tourn"]
[EventCountry "POL"]
[SourceTitle "playchess.com"]
[Source "ChessBase"]
[SourceQuality "1"]
[WhiteTeam "Wieza Pegow"]
[BlackTeam "Dwie Wieze Krakow"]

{[%evp 10,91,0,2,0,-7,-21,-18,-4,-18,-19,-42,-19,-13,-10,-19,-19,-34,-34,-45,-14,-62,18,10,21,22,15,17,10,27,61,64,77,77,84,77,77,77,126,132,129,117,129,122,138,138,138,138,138,138,161,147,153,138,154,139,155,135,150,148,159,135,216,135,209,160,208,208,298,295,294,280,290,249,414,414,355,223,2255,813,29993,29993,29993,29993]} 1. d4 Nf6 2. c4 e6 3. Nc3 Bb4 4. Qc2 O-O 5. Nf3 c5 6. a3 Bxc3+ {E38: Nimzo-Indian: Classical: 4...c5.} 7. Qxc3 cxd4 8. Qxd4 {has lost popularity (8.Nxd4).} Nc6 {The position is equal.} 9. Qh4 d5 10. Bg5 Qa5+ 11. Bd2 $1 {[%cal Rd2a5]} Qb6 12. b4 $1 dxc4 {[#] White should prevent ...a5.} 13. Qxc4 $146 ({Predecessor:} 13. e3 a5 14. b5 Qxb5 15. Bxc4 Qf5 16. O-O Qe4 17. Qxe4 Nxe4 18. Rfd1 Rb8 19. Rab1 Bd7 20. Be1 Rfd8 21. Bb5 f6 22. Rxd7 {1-0 (22) Tan,Z (2461)-Kosintseva,N (2551) Ningbo 2010}) 13... e5 14. Be3 Be6 15. Qc2 (15. Qxe6 $5 fxe6 16. Bxb6 axb6 17. g3 $15) 15... Nd4 (15... Qa6 $15 16. Qb2 Rfd8) 16. Qb2 $1 $36 {[%mdl 2048] White has good play.} Rfd8 {Hoping for ...a5.} 17. Nxe5 Rac8 $1 {[%cal Rc8c2]} 18. Bxd4 $1 Rxd4 19. e3 Rd5 20. Be2 Ne4 {[#] And now ...Rd2 would win. Black is on the road to losing.} 21. Nf3 Bg4 22. Rc1 Rxc1+ 23. Qxc1 a5 24. Qc4 Nf6 25. O-O axb4 26. axb4 g6 27. h3 Bxf3 28. Bxf3 (28. gxf3 Qe6 $14) 28... Rb5 29. Rb1 Kg7 30. Qc3 Qd6 31. Qb3 h5 32. Qc4 Qb6 33. Be2 Re5 34. Qc3 Qe6 35. Rd1 Kh7 (35... Re4 $16 36. Rd4 Rxd4 37. Qxd4 Qd7) 36. Qc7 {aiming for Rd6!} Nd5 (36... Qe7 $16 {is a better defense.} 37. Qxe7 Rxe7) 37. Qc4 b5 38. Qd4 ({Don't blunder} 38. Qxb5 $2 Nxe3 39. Qd3 Nxd1 $19) 38... Qe7 (38... Ne7 {was called for.} 39. Bf3 Qf6) 39. Ra1 $18 (39. Bxb5 Nxe3 40. fxe3 Rxb5 $16) 39... Qe6 40. Ra8 {Threatens to win with f4.} ({Don't play} 40. Bxb5 Nxe3 41. Bd7 (41. fxe3 Rxb5 42. Ra5 Rb8 $16) 41... Nf5 $18) 40... Nf6 {[#]} 41. Ra6 $1 {[%mdl 512]} Qf5 $2 (41... Qd5 42. Rxf6 Qxd4 43. exd4 Rxe2 44. Rxf7+ Kg8) (41... Qxa6 42. Qxe5) 42. Bd3 Ne4 43. f3 {[%cal Rd3e4]} Ng3 $2 (43... Rd5 44. Bxe4 Rxd4 45. Bxf5 Rd1+ 46. Kf2 gxf5) 44. Kh2 (44. Qa7 $142 Ne2+ 45. Kh2) 44... Qxh3+ 45. gxh3 Nf1+ 46. Kg1 {Accuracy: White = 75%, Black = 56%.} 1-0

[Event "DMP Ekstraliga 2020"]
[Site "Krakow"]
[Date "2020.09.01"]
[Round "7.12"]
[White "Leks, Maria"]
[Black "Majdan, Joanna"]
[Result "1/2-1/2"]
[WhiteElo "2080"]
[BlackElo "2325"]
[Annotator "TA"]
[PlyCount "89"]
[EventDate "2020.08.26"]
[EventType "team-tourn"]
[EventCountry "POL"]
[SourceTitle "playchess.com"]
[Source "ChessBase"]
[SourceQuality "1"]
[WhiteTeam "Dwie Wieze Krakow"]
[BlackTeam "Wieza Pegow"]

{[%evp 19,89,0,7,-11,-24,-40,7,14,12,10,10,10,10,-40,0,10,12,0,19,16,16,-29,-13,-40,-29,-30,-30,-31,-35,-43,-12,-12,-4,-22,-14,-92,-103,-99,-92,-97,-92,-106,-89,-104,-95,-93,-94,-90,-33,-32,-21,-14,-10,-14,-5,-22,0,0,0,0,41,49,36,0,2,0,39,0,9,0,42,0]} 1. e4 c5 2. Nf3 d6 3. d4 cxd4 4. Nxd4 Nf6 5. Nc3 a6 6. f3 e5 7. Nb3 Be7 8. Be3 Be6 9. Qd2 O-O 10. Be2 Nbd7 {[%cal Bb8d7,Bd7b6,Bb6c4][%mdl 32]} 11. a4 {B92: Sicilian Najdorf: 6 Be2.} Nb6 12. O-O Nc4 13. Bxc4 $1 {The position is equal.} Bxc4 14. Rfd1 Qc7 15. a5 {[#]} Rac8 $146 ({Predecessor:} 15... Nd7 16. Na4 Rac8 17. Rac1 f5 18. exf5 Rxf5 19. Qb4 Rf7 20. Nb6 Nxb6 21. Qxb6 Qxb6 22. axb6 Bxb3 23. cxb3 {½-½ (37) Hibjan,T (2098)-Kanyadi,Z (2125) Hungary 2007}) 16. Qf2 Be6 17. Nc1 h6 18. Bb6 Qd7 19. Nd3 Qe8 20. Nb4 Rc4 21. Nbd5 (21. Nba2 {seems wilder.} Nd7 22. Be3 f5 23. b3 Rc8 24. exf5 Rxf5 25. Qd2) 21... Nxd5 22. Nxd5 Bxd5 23. Rxd5 Qc6 $36 {[%mdl 2048] Hoping for ...f5. Black fights for an advantage.} 24. Rd2 f5 (24... Bg5 $5 {[%cal Rg5d2]} 25. Re2 f5 26. exf5 Rxf5 $11) 25. exf5 d5 26. Qe2 Rxf5 27. Qd3 (27. c3 $11 {remains equal.}) 27... e4 $17 28. fxe4 dxe4 ({Of course not} 28... Rxe4 29. h3 $15) 29. Qh3 Bc5+ 30. Kh1 {[#]} Qf6 $1 {[%mdl 512]} 31. Bxc5 Rcxc5 32. Qb3+ {[#]} Kh7 $1 {( -> ...Rf1+)} 33. Rg1 Rxa5 (33... Qc6 $17 34. h3 Rb5) 34. Qxb7 $15 Rae5 35. Re2 Re7 36. Qb4 $1 e3 {White should prevent ...Rf2.} 37. Qb3 Rfe5 38. h3 g5 39. Rge1 Qf4 40. Qd3+ Kg7 41. Qc3 {Black must now prevent Rxe3.} Kh7 42. Qd3+ Kg7 43. Qc3 {Strongly threatening Rxe3.} Kh7 44. Qd3+ Kg7 45. Qc3 {Accuracy: White = 76%, Black = 80%.} 1/2-1/2

[Event "DMP Ekstraliga 2020"]
[Site "Krakow"]
[Date "2020.09.01"]
[Round "7.13"]
[White "Golubka, Petro"]
[Black "Huschenbeth, Niclas"]
[Result "1/2-1/2"]
[WhiteElo "2495"]
[BlackElo "2605"]
[Annotator "TA"]
[PlyCount "69"]
[EventDate "2020.08.26"]
[EventType "team-tourn"]
[EventCountry "POL"]
[SourceTitle "playchess.com"]
[Source "ChessBase"]
[SourceQuality "1"]
[WhiteTeam "Hetman Plock"]
[BlackTeam "Silesia Raciborz"]

{[%evp 14,69,-20,-20,-27,-27,-23,-27,-8,-27,-22,-8,-10,-13,-8,-43,-45,-54,-54,-75,-72,-84,-77,-97,-67,-68,-71,-86,-85,-102,-51,-95,-95,-95,-94,-97,-97,-97,-93,-91,-82,-102,-70,-90,-97,-108,-104,-119,-70,-72,0,0,0,0,0,0,56,59]} 1. c4 Nf6 2. Nc3 e5 3. g3 Bb4 4. Bg2 O-O 5. Nf3 Re8 6. O-O e4 7. Ng5 Bxc3 8. dxc3 d6 {A22: English Opening: 1...e5 2 Nc3 Nf6.} 9. Nh3 h6 {[#]} 10. b3 $146 ({Predecessor:} 10. Nf4 Bf5 11. h3 Nbd7 12. b3 Nf8 13. Nd5 Nxd5 14. Qxd5 Qc8 15. g4 Bg6 16. Bf4 {½-½ (45) Kamsky,G (2595)-Timman,J (2630) Paris 1991}) 10... a5 {[%cal Ba7a5,Ba5a4][%mdl 32] Black has an edge.} 11. Nf4 a4 12. Be3 b6 13. Bd4 Nbd7 14. Bxf6 Nxf6 15. Nd5 Bb7 16. Nxf6+ Qxf6 17. Qd4 Re5 18. Rfd1 Rae8 19. b4 Bc8 20. Qe3 Qe6 21. Rd4 Bb7 (21... c5 $17 22. Rd2 Ba6) 22. c5 dxc5 23. bxc5 Rxc5 24. Rxa4 Qc6 25. Ra3 Rd8 26. Rc1 Rc4 27. h4 Bc8 28. Kh2 Be6 29. Rc2 Qd6 30. Rb3 Qd1 31. Rbb2 $1 {[#]} Qa1 ({Black should play} 31... f5 $1 $17) 32. Rb4 $11 Qd1 33. Rxc4 Bxc4 34. Bxe4 Be6 (34... Kf8 $11) 35. c4 {Accuracy: White = 91%, Black = 69%.} 1/2-1/2

[Event "DMP Ekstraliga 2020"]
[Site "Krakow"]
[Date "2020.09.01"]
[Round "7.14"]
[White "Nasuta, Grzegorz"]
[Black "Pultinevicius, Paulius"]
[Result "0-1"]
[WhiteElo "2553"]
[BlackElo "2519"]
[Annotator "TA"]
[PlyCount "92"]
[EventDate "2020.08.26"]
[EventType "team-tourn"]
[EventCountry "POL"]
[SourceTitle "playchess.com"]
[Source "ChessBase"]
[SourceQuality "1"]
[WhiteTeam "Silesia Raciborz"]
[BlackTeam "Hetman Plock"]

{[%evp 9,92,30,41,41,41,-7,-2,-7,4,-11,-15,-29,-40,-25,-27,-41,-31,-70,-56,-63,-70,-83,-78,-84,-29,-31,-31,-36,-8,-19,-20,-27,-12,-22,-17,-28,-22,-32,-11,-108,0,0,0,-14,-14,-14,-14,-12,-6,-29,0,0,34,48,64,0,0,-13,-16,-338,-42,-66,-15,-141,0,0,79,8,23,-165,-152,-600,-738,-707,-700,-712,-736,-716,-706,-686,-679,-858,-800,-849,-821]} 1. e4 c6 2. d4 d5 3. e5 Bf5 4. Nc3 a6 5. g4 Bd7 6. Be3 {B12: Caro-Kann: Advance Variation.} e6 7. Bg2 c5 8. dxc5 {The position is equal.} Qc7 9. Nge2 Bxc5 10. Qd2 Bxe3 11. Qxe3 Nc6 12. f4 Nge7 13. O-O-O {[#]} Rc8 $146 ({Predecessor:} 13... O-O-O 14. Nd4 Nxd4 15. Qxd4 Kb8 16. Qf2 Rc8 17. Rd2 Qa5 18. Kb1 Rxc3 19. bxc3 Rc8 {0-1 (36) Warszawski,B (2292)-Piorun,K (2482) Ustron 2009}) 14. Rhe1 b5 {[%cal Bb7b5,Bb5b4][%mdl 32] aiming for ...b4.} 15. Rd2 b4 16. Nd1 {[%cal Bc3d1,Bd1f2,Bf2d3][%mdl 32]} h5 (16... O-O $17) 17. h3 $11 hxg4 18. hxg4 {[#]} g5 $1 {[%mdl 512]} 19. Kb1 (19. fxg5 Nxe5) 19... a5 20. Nf2 a4 21. Nd3 b3 22. cxb3 axb3 23. axb3 Qa5 24. Rc2 (24. fxg5 $11 Rh2 25. Rdd1) 24... Rh2 (24... Ra8 $1 $17 {[%csl Ga8][%cal Ra5a1]} 25. Rc5 Qb6) 25. Qg3 Ra8 {[%csl Ga8][%cal Ra5a1]} 26. Rc5 Qa2+ $40 {[%mdl 192] Double Attack. Black is up to no good.} 27. Kc2 Rh8 28. fxg5 Rb8 29. Rc3 Qa7 (29... d4 $5 {[%cal Rd4c3]} 30. Nec1 Qa7 $17) 30. Rf1 d4 31. Rc4 Na5 $1 {[%mdl 64] Double Attack} 32. Ra1 (32. Qf2 $14 Nxc4 33. bxc4) 32... Qb6 33. Rb4 Bb5 34. Rxa5 $4 {[%mdl 8192]} (34. Nec1 $1 $11 {and White is okay.}) 34... Qxa5 $2 ({Black should try} 34... Bxd3+ $1 $19 35. Qxd3 Qxb4) 35. Rxd4 $15 Qb6 (35... Ba6 $15) 36. Kd2 {[#]} (36. Kb1 $11 {remains equal.}) 36... Bc6 (36... Bxd3 $1 $17 37. Rxd3 Ng6) 37. Rd6 $11 {Hoping for g6!} Rd8 {[#]} (37... Qa5+ $11 38. b4 Rxb4 39. Bxc6+ Nxc6 40. Nxb4 Qxb4+ {[%mdl 64] Double Attack} 41. Qc3 Qxc3+ 42. Kxc3 Nxe5) 38. Bxc6+ ({Better is} 38. g6 $1 $16 {[%cal Rg6f7]} fxg6 39. Rxe6 Qa5+ 40. Nc3 Bxg2 41. Qxg2) 38... Nxc6 39. Qf3 $2 {[#]} (39. g6 $11 {and White has nothing to worry.} Qa5+ 40. Nc3 (40. b4 Nxb4 41. gxf7+ Kf8 $11) 40... Rxd6 41. gxf7+ Kf8 42. exd6 Qg5+ 43. Ke2) 39... Nxe5 $1 $19 {[%mdl 512]} 40. Qf6 $2 {[#]} (40. Rxb6 $17 Nxf3+ 41. Ke3) (40. Nxe5 Qxd6+) 40... Nf3+ $1 {[%mdl 512] Black is clearly winning.} 41. Qxf3 Qxd6 42. g6 fxg6 43. Qe4 e5 44. Kc2 Rh2 45. b4 Kf8 46. b5 {[#]} Qd5 $1 {Accuracy: White = 57%, Black = 83%.} 0-1

[Event "DMP Ekstraliga 2020"]
[Site "Krakow"]
[Date "2020.09.01"]
[Round "7.15"]
[White "Warakomski, Tomasz"]
[Black "Markowski, Tomasz"]
[Result "1-0"]
[WhiteElo "2515"]
[BlackElo "2548"]
[Annotator "TA"]
[PlyCount "111"]
[EventDate "2020.08.26"]
[EventType "team-tourn"]
[EventCountry "POL"]
[SourceTitle "playchess.com"]
[Source "ChessBase"]
[SourceQuality "1"]
[WhiteTeam "Hetman Plock"]
[BlackTeam "Silesia Raciborz"]

{[%evp 10,111,12,-3,35,9,4,-25,-7,-14,-18,-9,10,8,14,-54,-51,-51,-37,-90,-95,-111,-88,-80,-41,-59,-52,-53,0,-22,0,-35,-26,-43,0,0,0,0,66,0,0,0,40,0,0,0,61,1,16,0,147,110,159,154,158,149,159,138,164,109,107,88,93,62,60,37,20,0,105,92,101,102,141,125,138,127,212,242,287,268,370,373,402,395,408,388,363,213,218,219,233,199,188,183,224,164,621,595,1034,472,1233,772,29993,29994]} 1. e4 c5 2. Nf3 Nc6 3. Bb5 e6 4. Bxc6 bxc6 5. d3 Ne7 6. h4 Qc7 {[#] B30: Sicilian: 2...Nc6 3 Bb5, lines without ...g6.} 7. Be3 $146 ({Predecessor:} 7. h5 e5 8. Nbd2 f6 9. Nh4 g5 10. Nhf3 d6 11. Nf1 h6 12. Ne3 f5 13. g4 fxg4 14. Nh2 {1-0 (37) Solak,D (2618)-Grischuk,A (2785) Warsaw 2013}) 7... d6 8. e5 Nf5 {Black has an edge.} 9. Bf4 d5 10. Nbd2 a5 {[%cal Ba7a5,Ba5a4][%mdl 32]} 11. h5 h6 12. c4 (12. c3 $11) 12... a4 13. O-O g5 14. Bh2 (14. hxg6 $1 $15 fxg6 15. Be3) 14... g4 $17 15. Ne1 {[#]} g3 $1 {[%mdl 512]} 16. fxg3 Ne3 {[%mdl 64] Double Attack} (16... Qxe5 {keeps more tension.} 17. cxd5 cxd5 18. g4 Qd4+ 19. Rf2 Ne3) 17. Qe2 Nxf1 18. Nxf1 Rb8 (18... Rg8 $15) 19. Rc1 Rg8 20. g4 Qd8 21. Bf4 Ba6 22. Ne3 Rb4 23. Rc2 Qb8 {[#]} ({Black should try} 23... Rb7 $11) 24. g3 (24. g5 $1 $14 {[%mdl 512]}) 24... Qd8 $11 25. Kh2 Qb8 26. Kh3 {[%mdl 1024] White has compensation.} Qd8 27. Nf3 Rb8 (27... Rh8 $11) 28. Qf1 (28. Nd1 $1 $14) 28... Rb4 29. Qc1 Qb8 (29... Rh8 $1 $11 {remains equal.}) 30. Nd1 Qd8 31. Nf2 $1 Rh8 32. Bd2 Rb8 33. Be3 Qb6 34. Bf4 ({White should play} 34. g5 $18) 34... Kd7 35. Qd1 Rd8 36. g5 Kc8 {Hoping for ...dxc4.} 37. Qe2 hxg5 $1 38. Nxg5 Qb7 (38... Qc7 $1 $11) 39. g4 $16 {Black is now going downhill.} Bh6 40. Qe3 Bf8 41. Nf3 Kb8 42. Bg5 Be7 (42... Rc8 $16) 43. Bf6 $1 $18 Bxf6 44. exf6 dxc4 45. dxc4 e5 46. Ne4 Qc7 {intending ...Bc8.} 47. Qxc5 Bc8 {[#] And now ...Rxh5+ would win.} 48. Kh4 (48. Qb4+ $142 $1 Qb7 49. Qxb7+ Kxb7 50. Kg3) 48... Bxg4 49. Kxg4 Qd7+ {[#]} 50. Kg3 $1 ({But not} 50. Kh4 $2 Rxh5+ 51. Kg3 Rh3+ 52. Kf2 Rxf3+ 53. Kxf3 Qf5+ 54. Ke3 Qf4+ 55. Ke2 Qxe4+ 56. Qe3 Qxc2+ $19 {[%mdl 64] Double Attack}) 50... Rxh5 {White must now prevent ...Rh3+.} 51. Kf2 Rf5 {Strongly threatening ...Rxf3+.} 52. Rc3 {Qb6+ is the strong threat.} ({Don't do} 52. Qb6+ Ka8) 52... Rh8 $2 (52... Qd4+ 53. Qxd4 exd4) 53. Ke2 Rfh5 54. Qb6+ (54. Qb4+ $142 Qb7 55. Qxa4 Rh2+ 56. Nxh2 Rxh2+ 57. Kf3 Rh3+ 58. Kg2 Rxc3 59. bxc3) 54... Ka8 (54... Qb7 $142 55. Qxb7+ Kxb7 56. Nd6+ Kc7) 55. Rd3 Qe6 56. Nc5 {Accuracy: White = 67%, Black = 58%.} 1-0

[Event "DMP Ekstraliga 2020"]
[Site "Krakow"]
[Date "2020.09.01"]
[Round "7.16"]
[White "Krzyzanowski, Marcin"]
[Black "Grabarczyk, Miroslaw"]
[Result "0-1"]
[WhiteElo "2518"]
[BlackElo "2368"]
[Annotator "TA"]
[PlyCount "112"]
[EventDate "2020.08.26"]
[EventType "team-tourn"]
[EventCountry "POL"]
[SourceTitle "playchess.com"]
[Source "ChessBase"]
[SourceQuality "1"]
[WhiteTeam "Silesia Raciborz"]
[BlackTeam "Hetman Plock"]

{[%evp 9,112,11,30,6,9,0,0,0,6,10,21,19,24,17,28,29,41,37,52,15,25,0,10,0,28,0,0,-22,-19,-34,0,-14,-13,-10,0,0,0,0,0,0,0,0,0,0,0,-11,0,0,0,0,0,0,10,0,0,0,0,0,0,0,0,0,0,0,0,0,0,0,0,0,0,0,0,0,0,0,0,0,0,-15,0,-264,-257,-242,-137,-379,-350,-386,-370,-417,-423,-539,-542,-474,-449,-446,-438,-412,-402,-568,-557,-1732,-1622,-29998,-29999]} 1. c4 e6 2. Nf3 d5 3. e3 Nf6 4. Nc3 c5 5. cxd5 Nxd5 6. Qc2 {A17: English Opening: 1...Nf6 with ...Bb4.} Be7 7. b3 Nxc3 8. dxc3 {The position is equal.} Nc6 9. Bb2 Bd7 10. Bd3 h6 11. a3 Qc7 {[#]} 12. c4 $146 ({Predecessor:} 12. O-O Bf6 13. Nd2 Ne5 14. Be2 Bc6 15. f4 Nd7 16. b4 b6 17. b5 Bb7 18. a4 {½-½ (33) Cordova,E (2570)-Sorokin,A (2513) Saint Louis 2019}) 12... Bf6 13. Bxf6 gxf6 14. Be2 Ne5 15. Nd2 Bc6 16. f4 Nd7 17. Bf3 Bxf3 18. gxf3 f5 19. Qc3 Ke7 20. Rg1 Rhg8 21. Kf2 Nf6 22. b4 Rac8 23. Rxg8 Rxg8 24. Rb1 Nd7 25. Nb3 b6 26. Rd1 Rc8 27. Rc1 {[%cal Bd1c1,Bc1c2,Bc2d2][%mdl 32]} Qd6 28. Rc2 Rg8 29. Rd2 Qc7 30. Nc1 Rc8 31. Rc2 cxb4 32. axb4 a5 33. bxa5 bxa5 34. Nb3 Nc5 35. Nd4 a4 36. Rd2 Rd8 37. Qa3 Kf6 38. Rd1 Qb6 39. Qa1 {White threatens Nxf5+! and mate.} Ke7 40. Rb1 Qd6 41. Rd1 Qb6 42. Qa3 Kf6 43. Qc3 {Threatening mate with Nxf5+!} Ke7 44. Qd2 {Strongly threatening Nc6+!} Kf6 {Threatening ...a3.} 45. Kf1 $2 {[%mdl 8192] [#]} (45. Qc3 $11 Ke7 46. Qa3) 45... a3 $1 $19 46. Qf2 {[#]} Kg6 (46... Nb3 $1 $19 47. c5 Nxc5) 47. Kg2 $2 {Now White is beyond hope.} (47. Qc2 $17 {is a better defense.}) 47... Kh7 48. Kh3 Qb2 49. Rd2 Qb1 {aiming for ...Nd3.} 50. Qe2 Ra8 51. Ra2 Nd3 {And now ...Nb4 would win.} 52. Qc2 Qf1+ 53. Qg2 Qc1 54. Nc2 (54. Qd2 {was the only chance.} Qxd2 55. Rxd2) 54... Rg8 55. Qe2 Qg1 56. Qxd3 Qg2+ {[%mdl 64] Double Attack. Accuracy: White = 74%, Black = 93%.} 0-1

[Event "DMP Ekstraliga 2020"]
[Site "Krakow"]
[Date "2020.09.01"]
[Round "7.17"]
[White "Sabuk, Piotr"]
[Black "Jakubowski, Krzysztof"]
[Result "0-1"]
[WhiteElo "2377"]
[BlackElo "2481"]
[Annotator "TA"]
[PlyCount "69"]
[EventDate "2020.08.26"]
[EventType "team-tourn"]
[EventCountry "POL"]
[SourceTitle "playchess.com"]
[Source "ChessBase"]
[SourceQuality "1"]
[WhiteTeam "Hetman Plock"]
[BlackTeam "Silesia Raciborz"]

{[%evp 9,69,47,63,54,59,60,64,72,73,56,64,46,50,32,27,28,22,27,18,34,29,27,70,69,70,51,70,60,58,65,66,75,93,84,144,118,158,150,164,168,173,179,189,192,284,266,295,84,89,-195,-178,-176,-183,-309,-190,-295,-315,-575,-457,-405,-413,-622]} 1. d4 g6 2. e4 Bg7 3. Nf3 d6 4. Be2 b6 5. c4 Bb7 6. Nc3 {B06: Modern Defence.} Nf6 7. Qc2 e6 8. Be3 {White is slightly better.} O-O 9. O-O Nbd7 10. Nd2 {[#]} a6 $146 ({Predecessor:} 10... c5 11. a3 e5 12. d5 a6 13. b4 Qc7 14. Rfb1 Rfb8 15. Rb2 Bc8 16. Rab1 h6 17. bxc5 bxc5 {½-½ (45) Lootens,M (1870)-Schumacher,R (1477) Bruges 2012}) 11. Rab1 c5 12. d5 exd5 13. cxd5 b5 $1 14. a4 b4 15. Nd1 $1 h5 16. Bg5 Qc7 17. f3 Nh7 18. Bf4 g5 19. Bg3 f5 20. exf5 h4 21. Bf2 Rae8 (21... Bxd5 $142 22. Ne3 Bc6) 22. Ne3 $16 Ndf6 23. Rbd1 Nh5 24. Rfe1 Bc8 25. Ne4 Be5 26. Ng4 Qd8 (26... N5f6 {was worth a try.} 27. Nxe5 Nxe4) 27. Bd3 $18 {[#] And now Nxc5! would win.} Bg7 28. f6 $2 (28. Nxd6 $18 {is more deadly.} Qxd6 29. Bxc5) 28... N7xf6 $16 29. Nxg5 $2 {[%mdl 8192] Now White is beyond hope.} (29. Ngxf6+ $16 {stays on course.} Bxf6 30. Nxf6+ Nxf6 31. b3) 29... Rxe1+ $19 ({Not} 29... Nxg4 30. Rxe8 Rxe8 31. Bh7+ Kf8 32. fxg4 $11 (32. Bxh4 Qxg5 33. Bxg5 Bd4+ 34. Kh1 Nf2+ 35. Qxf2 Bxf2 $17)) 30. Rxe1 {Black must now prevent Ne6.} Nxg4 {[%mdl 64] [#] Pin, Discovered Attack} 31. Bh7+ Kh8 32. Bxh4 (32. Qg6 $142 Ngf6 33. Ne6 Bxe6 34. dxe6) 32... Bd4+ 33. Kf1 $2 (33. Kh1 {was the only chance.} Qf6 34. Bd3) 33... Qc7 34. Be4 Qg7 ({Weaker is} 34... Nxh2+ 35. Ke2 $19) 35. Qd2 {Accuracy: White = 68%, Black = 81%.} (35. g3 $142) 0-1

[Event "DMP Ekstraliga 2020"]
[Site "Krakow"]
[Date "2020.09.01"]
[Round "7.18"]
[White "Worek, Joanna"]
[Black "Bulmaga, Irina"]
[Result "1/2-1/2"]
[WhiteElo "2326"]
[BlackElo "2434"]
[Annotator "TA"]
[PlyCount "127"]
[EventDate "2020.08.26"]
[EventType "team-tourn"]
[EventCountry "POL"]
[SourceTitle "playchess.com"]
[Source "ChessBase"]
[SourceQuality "1"]
[WhiteTeam "Silesia Raciborz"]
[BlackTeam "Hetman Plock"]

{[%evp 15,127,37,46,39,37,26,29,29,27,0,18,19,30,38,17,23,111,26,9,-22,0,-8,47,47,40,42,36,25,25,12,42,18,0,-32,-25,-29,-30,-32,0,-41,-32,-105,-80,-106,-49,-53,-57,-137,0,0,0,0,0,-70,-74,-73,0,0,0,0,0,2,2,0,0,0,0,0,0,0,0,0,0,0,0,0,10,10,10,10,10,10,39,-37,-31,-34,-24,-35,-5,-6,0,0,0,0,0,0,0,0,0,0,0,0,0,0,0,0,0,0,0,0,0,0,0,0]} 1. d4 Nf6 2. Nf3 g6 3. c4 Bg7 4. Nc3 O-O 5. e4 d6 6. h3 Na6 7. Be3 e5 8. d5 Nh5 9. g3 {E90: King's Indian: Classical: Early deviations and 6 h3.} f5 10. exf5 gxf5 11. Nh4 {White has an edge.} Nf6 12. Be2 Nc5 13. Qc2 {[#]} Nfe4 $146 ({Predecessor:} 13... e4 14. O-O-O Nfd7 15. f4 b5 16. Nxb5 Ba6 17. Nd4 Nb6 18. b3 Bc8 19. Ng2 a5 {1-0 (36) Tarun,K (2070)-Dolgun,C (1937) Antalya 2019}) 14. Nxe4 Nxe4 15. Bd3 c6 (15... Qf6 $1 $11) 16. Bxe4 (16. O-O $16) 16... fxe4 $11 17. O-O-O cxd5 18. cxd5 {[#]} Bf6 ({Better is} 18... Bg4 $1 $11 {[%mdl 512]} 19. hxg4 Rc8) 19. Kb1 $14 Kh8 20. Ng2 Bf5 21. g4 Bg6 22. h4 h5 23. g5 Rc8 $36 {[%mdl 2048] White is under pressure.} 24. Qa4 Bg7 25. Ka1 a6 26. Rc1 Qe7 27. Qa3 Qd7 28. Bb6 (28. Qb4 $15) 28... Rxc1+ $1 $17 29. Rxc1 Rc8 (29... Rf3 $17 30. Qb4 Bf8) 30. Re1 $15 Qb5 31. Qxd6 {[#]} (31. Qb3 $15) 31... Kh7 (31... Rc2 $1 $17 {[%csl Gc2][%cal Rb5b2]} 32. Rb1 Kh7) 32. Be3 Bf8 33. Qe6 Re8 34. Qf6 (34. Qb6 $11) 34... Qxd5 35. Rc1 {[#]} Bg7 ({Black should play} 35... Qd7 $1 $17) 36. Qb6 $1 $11 Re6 37. Qc5 $1 {[%cal Rc5d5]} Qxc5 38. Rxc5 Rd6 39. Rc1 Bf5 40. Bc5 Rd2 41. Be3 Re2 42. Ne1 Kg6 43. Nc2 Bf8 44. Kb1 Bd7 45. a3 Bb5 {next ...Bd3 is good for Black.} 46. Nb4 a5 47. Nd5 Bd3+ 48. Ka2 Rc2 49. Rd1 (49. Rxc2 $14 Bxc2 50. b4) 49... Bc4+ $15 50. Kb1 Bb3 {Strongly threatening ...Re2.} 51. Rg1 b5 52. Nf6 {The position is equal.} b4 53. Nd7 Bd6 54. axb4 axb4 {And now ...Rc7 would win.} 55. Rc1 Rxc1+ 56. Kxc1 $11 {[%mdl 4096] Endgame KBB-KBN} Kf5 57. Nf6 Bf7 58. Kd2 Be7 59. Kc2 b3+ 60. Kc3 Bd8 {[%cal Rd8a5]} 61. Kb4 Be7+ 62. Kc3 Bf8 63. Nd7 Bg7 {Threatens to win with ...Kg4.} 64. Nf6 {Accuracy: White = 79%, Black = 84%.} 1/2-1/2

[Event "DMP Ekstraliga 2020"]
[Site "Krakow"]
[Date "2020.09.01"]
[Round "7.19"]
[White "Klekowski, Maciej"]
[Black "Harikrishna, Pentala"]
[Result "1/2-1/2"]
[WhiteElo "2511"]
[BlackElo "2732"]
[Annotator "TA"]
[PlyCount "78"]
[EventDate "2020.08.26"]
[EventType "team-tourn"]
[EventCountry "POL"]
[SourceTitle "playchess.com"]
[Source "ChessBase"]
[SourceQuality "1"]
[WhiteTeam "UKS 21 Podlesie"]
[BlackTeam "Polonia Wroclaw"]

{[%evp 23,78,0,0,0,22,0,28,24,33,21,25,29,24,25,39,17,17,4,3,3,17,6,17,17,16,16,16,16,18,0,15,4,4,0,0,0,0,0,0,0,0,0,0,0,0,0,0,0,0,0,0,0,0,0,0,0,0]} 1. d4 d5 2. c4 c6 3. Nf3 Nf6 4. Nc3 dxc4 5. a4 Bf5 6. e3 Nbd7 7. Bxc4 e6 8. O-O Bb4 9. Qe2 Bg6 10. e4 O-O 11. e5 Nd5 12. Nxd5 cxd5 13. Bd3 {D19: Slav Defence: 5 a4 Bf5 6 e3: Main line with 9 Qe2.} Be7 14. Bd2 Nb8 15. Bxg6 {White has an edge.} fxg6 16. Qb5 {[#]} Qd7 $146 ({Predecessor:} 16... Qc7 17. Ba5 Qc8 18. Bb4 Bxb4 {½-½ (18) Ubilava,E (2551)-Moskalenko,V (2568) Benidorm 2008}) 17. Qxd7 Nxd7 18. Rfc1 {[#] And now Rc7 would win.} Rfc8 19. Rxc8+ Rxc8 {The position is equal.} 20. Rc1 Rxc1+ 21. Bxc1 $11 {[%mdl 4096] Endgame KBN-KBN} Nb8 22. Kf1 Kf7 23. Ke2 Ke8 24. Bg5 Bf8 25. Bd2 h6 26. g4 Be7 27. Ne1 Nc6 28. Nc2 g5 29. Kd3 a6 30. b3 Kd7 31. Bc3 b5 32. axb5 axb5 33. b4 Bf8 34. Bd2 Na7 35. Na3 Kc6 36. Nc2 Nc8 37. Ke2 Nb6 38. Bc3 Nc4 39. Bd2 Be7 {An uneventful encounter. Accuracy: White = 100%, Black = 96%.} 1/2-1/2